Statistics for Chicago Cubs 2016 World Series Championship Roster

Click here to take the quiz!

General Stats

  • This quiz has been taken 529 times
  • The average score is 18 of 25

Answer Stats

HintAnswer% Correct
1BAnthony Rizzo
98%
3BKris Bryant
97%
2BJavier Baez
93%
SPJon Lester
92%
CDavid Ross
90%
SSAddison Russell
86%
OFJason Heyward
85%
CWillson Contreras
84%
2BBen Zobrist
83%
SPJake Arrieta
83%
SPKyle Hendricks
83%
OF/DHKyle Schwarber
82%
RPAroldis Chapman
81%
OFDexter Fowler
75%
CMiguel Montero
71%
SPJohn Lackey
69%
RPMike Montgomery
61%
OFAlbert Almora Jr.
57%
RPPedro Strop
57%
RPCarl Edwards Jr.
54%
OFJorge Soler
44%
RPHector Rondon
41%
RPTravis Wood
40%
RPJustin Grimm
29%
OFChris Coghlan
28%

Score Distribution

Percentile by Number Answered

Percent of People with Each Score

Your Score History

You have not taken this quiz